Príjmy zo závislej činnosti do 3 000 a zrážková daň

Osobitosti zdaňovania príjmov fyzických osôb zo závislej činnosti a funkčných požitkov - teda miezd a platov zamestnancov. Daňovníci a platitelia dane. Podmienky uplatnenia zrážkovej dane z príjmov zamestnanca. Výpočet zrážkovej dane. Zdaňovanie príjmov zrážkovou daňou 10 perc. Povinnosti platiteľa...

Descrizione completa

Salvato in:
Dettagli Bibliografici
Natura: Capitolo di libro
Lingua:slovacco
Soggetti:
Tags: Aggiungi Tag
Nessun Tag, puoi essere il primo ad aggiungerne!!

MARC

LEADER 00000naa a2200000 4500
001 r033738
005 20230926073051.2
041 0 |a slo 
044 |a SK 
245 1 0 |a Príjmy zo závislej činnosti do 3 000 a zrážková daň 
520 |a Osobitosti zdaňovania príjmov fyzických osôb zo závislej činnosti a funkčných požitkov - teda miezd a platov zamestnancov. Daňovníci a platitelia dane. Podmienky uplatnenia zrážkovej dane z príjmov zamestnanca. Výpočet zrážkovej dane. Zdaňovanie príjmov zrážkovou daňou 10 perc. Povinnosti platiteľa dane vykonávajúceho zrážkovú daň. 
610 2 0 |a príjmy 
610 2 0 |a mzdy 
610 2 0 |a požitky 
610 2 0 |a platy 
610 2 0 |a dane z príjmov 
610 2 0 |a daňovníci 
610 2 0 |a zamestnanci 
610 2 0 |a zdaňovanie 
610 2 0 |a zrážky zo mzdy